Making local government finance fairer (Record no. 67787)
[ view plain ]
| 000 -LEADER | |
|---|---|
| fixed length control field | 00917cam a2200205 4500 |
| 001 - CONTROL NUMBER | |
| control field | WB3729-20 |
| 008 - FIXED-LENGTH DATA ELEMENTS--GENERAL INFORMATION | |
| fixed length control field | 010725n2001 000 0 eng u |
| 035 ## - SYSTEM CONTROL NUMBER | |
| System control number | (Sirsi) u113778 |
| 245 ## - TITLE STATEMENT | |
| Title | Making local government finance fairer |
| 260 ## - PUBLICATION, DISTRIBUTION, ETC. | |
| Date of publication, distribution, etc. | 2001 |
| 490 ## - SERIES STATEMENT | |
| Series statement | DTLR News Release |
| Volume/sequential designation | (336) 20 July 2001, (2) |
| 520 ## - SUMMARY, ETC. | |
| Summary, etc. | Timetable announced for change to parts of local government finance. Sets out when changes will be made to the way grant is distributed to local authorities and the timing of revaluation of domestic properties. For an electronic version of the green paper where the government consulted on options for reform of the revenue and capital finance regimes go to: http://www.local.dtlr.gov.uk/greenpap/ |
| 590 ## - LOCAL NOTE (RLIN) | |
| Local note | WB |
| 650 ## - SUBJECT ADDED ENTRY--TOPICAL TERM | |
| Topical term or geographic name entry element | LOCAL GOVERNMENT FINANCE |
| 650 ## - SUBJECT ADDED ENTRY--TOPICAL TERM | |
| Topical term or geographic name entry element | REVALUATION |
| 650 ## - SUBJECT ADDED ENTRY--TOPICAL TERM | |
| Topical term or geographic name entry element | LOCAL AUTHORITIES |
| 650 ## - SUBJECT ADDED ENTRY--TOPICAL TERM | |
| Topical term or geographic name entry element | LOCAL GOVERNMENT |
| 690 ## - LOCAL SUBJECT ADDED ENTRY--TOPICAL TERM (OCLC, RLIN) | |
| Topical term or geographic name as entry element | LOCAL GOVERNMENT |
| 942 ## - ADDED ENTRY ELEMENTS (KOHA) | |
| Suppress in OPAC | 0 |
| Withdrawn status | Lost status | Source of classification or shelving scheme | Damaged status | Not for loan | Home library | Current library | Shelving location | Date acquired | Total Checkouts | Full call number | Barcode | Date last seen | Copy number | Price effective from | Koha item type |
|---|---|---|---|---|---|---|---|---|---|---|---|---|---|---|---|
| Dewey Decimal Classification | London | London | News article | 25/07/2001 | WB3729-20 | 113778-1001 | 06/08/2019 | 1 | 06/08/2019 | News article |